discovery 1 engines + colours quiz - Statistics

General Stats
  • This quiz has been taken 143 times
  • The average score is 33 of 38
Answer Stats
Hint Answer % Correct
gemini, 1989-1994 200TDI
100%
gemini, 1994-1998 300TDI
100%
V8,1989-1990 3.5 carb
100%
V8 1990-1993 3.5 EFI
100%
V8 1993-1998 3.9 EFI
100%
light green coniston
100%
light green 3 coniston
100%
burgundy montpellier
100%
burgundy montpellier
100%
light blue windjammer
100%
mid blue windjammer
100%
4cyl, 1993-1997 2.0 MPI
90%
V8 US market, 1994-1998 4.0 V8
90%
grey arken
90%
silver 2 aspen
90%
silver aspen
90%
black caracal
90%
black caracal
90%
dark green carrigada
90%
light red corralin
90%
white davos
90%
dark green 3 epsom
90%
dark red foxfire
90%
dark blue marseilles
90%
pale blue mistrale
90%
grey niagara
90%
silver zanzibar
90%
light blue 2 aegean
80%
red .. again corallin
80%
dark blue 2 ionain
80%
gold armada
70%
gold armada
70%
dark blue 3 avalon
70%
darkest blue biarritz
70%
light blue/green caprice
70%
grey 2 pennine
70%
white savarin
70%
white savarin
70%
No matching quizzes found
Score Distribution
Percent of People with Each Score
Percentile by Number Answered
Your Score History
You have not taken this quiz